Catálogo
 En Linea

El venerable siervo de Dios José María Escrivá de Balaguer, fundador del Opus Dei. (Registro nro. 31199)

Detalles MARC
000 -CABECERA
campo de control de longitud fija 00288nam a2200097 a 4500
005 - FECHA Y HORA DE LA ÚLTIMA TRANSACCIÓN
campo de control 20200930063123.0
008 - DATOS DE LONGITUD FIJA--INFORMACIÓN GENERAL
campo de control de longitud fija 110630s2004 000 spa d
040 ## - FUENTE DE LA CATALOGACIÓN
Centro catalogador/agencia de origen DO-SdBNP
245 #3 - MENCIÓN DE TÍTULO
Título El venerable siervo de Dios José María Escrivá de Balaguer, fundador del Opus Dei.
260 ## - PUBLICACIÓN, DISTRIBUCIÓN, ETC.
Fecha de publicación, distribución, etc. [s.f.].

No hay ítems disponibles.

Con tecnología Koha